| 000 | 00380nam a22001457a 4500 | ||
|---|---|---|---|
| 999 |
_c533084 _d533084 |
||
| 003 | NUST | ||
| 008 | 191212b ||||| |||| 00| 0 eng d | ||
| 038 | _aMuhammad Ibrahim | ||
| 082 | _a823.912 | ||
| 100 |
_a White, T. H _926767 |
||
| 245 | 1 | 0 |
_aThe Once and Future King _cT. H. White |
| 260 |
_aLondon; _bThe Reprint Society, _c1956 |
||
| 300 |
_a675 p; _c20 cm |
||
| 942 |
_2ddc _cBK |
||